000 00607nam a2200193Ia 4500
005 20250508155717.0
008 008 250505s9999 xx 000 0 eng d
037 _aDissertations
040 _aFEDL
_beng
_cFEDL
041 _aeng
_2eng
084 _a157.1, SAB/DI
_qFEDL
100 _aSabharwal Virinder Kumar
_9767336
245 0 _aComparative study of the perceived-self and the ideal-self among anxious and non-anxious subjects
260 _c1971
300 _a127p.
546 _aM.Ed. Dissertation (Delhi University)
942 _cDIS
_h157.1, SAB/DI
999 _c1358904
_d1358904